How best to plan for the rural uplift (Record no. 17409)

000 -LEADER
fixed length control field 00340pab a2200145 454500
008 - FIXED-LENGTH DATA ELEMENTS--GENERAL INFORMATION
fixed length control field 180718b1986 xxu||||| |||| 00| 0 eng d
100 ## - MAIN ENTRY--PERSONAL NAME
Personal name Singh, Jag Pal
245 ## - TITLE STATEMENT
Title How best to plan for the rural uplift
260 ## - PUBLICATION, DISTRIBUTION, ETC.
Date of publication, distribution, etc. 1986
300 ## - PHYSICAL DESCRIPTION
Extent 19-22,28
362 ## - DATES OF PUBLICATION AND/OR SEQUENTIAL DESIGNATION
Dates of publication and/or sequential designation 1 Mar.
650 ## - SUBJECT ADDED ENTRY--TOPICAL TERM
Topical term or geographic name entry element Rural Development
773 ## - HOST ITEM ENTRY
Main entry heading Yojana
909 ## -
-- 17409
Holdings
Withdrawn status Lost status Damaged status Not for loan Permanent Location Current Location Date acquired Serial Enumeration / chronology Barcode Date last seen Price effective from Koha item type
        Indian Institute of Public Administration Indian Institute of Public Administration 2018-07-19 Volume no: 30, Issue no: 4 AR17469 2018-07-19 2018-07-19 Articles

Powered by Koha